000 00339nam a2200133Ia 4500
005 20251222153612.0
008 251222s9999||||xx |||||||||||||| ||spa||
020 _a9786124038846
082 _a346.13/E91
245 0 _aJurisprudencia Registral sobre Personas Jurídicas:
250 _a1ra.ed.
264 _bGaceta Jurídica
942 _cLIB
999 _c31635
_d31635